[Event "61st ch-RUS HL"]
[Site "Novokuznetsk RUS"]
[Date "2008.09.08"]
[Round "6"]
[White "Deviatkin,A"]
[Black "Sjugirov,S"]
[Result "1/2-1/2"]
[WhiteElo "2567"]
[BlackElo "2545"]

1.e4 c5 2.Nf3 d6 3.Bb5+ Nc6 4.Bxc6+ bxc6 5.O-O e5 6.Re1 Be7 7.c3 Bg4 8.h3 Bxf3
9.Qxf3 Nf6 10.Na3 O-O 11.d3 Re8 12.Nc4 h6 13.Bd2 Bf8 14.Rac1 Re6 15.b4 Nd7
16.a3 Be7 17.Rb1 Bg5 18.Bxg5 Qxg5 19.b5 cxb5 20.Rxb5 Nb6 21.Ne3 c4 22.dxc4 Na4
23.Nd5 Nc5 24.Nc7 Rf6 25.Qe3 Rc8 26.Nd5 Re6 27.Qf3 Rf8 28.Reb1 Ree8 29.Qf5 Qd2
30.Qg4 Kh7 31.R5b2 Qd3 32.Qe2 Qxe4 33.Qxe4+ Nxe4 34.Rb7 Nd2 35.R1b5 a6 36.R5b6 Nxc4
37.Rxa6 Rb8 38.Rb4 Rbc8 39.a4 Rc5 40.Rb5 Rfc8 41.Rxc5 Rxc5 42.Nb4 d5 43.Rc6 Ra5
44.Ra6 Rc5 45.Rc6 Ra5 46.Ra6 Rc5  1/2-1/2

[Event "61st ch-RUS HL"]
[Site "Novokuznetsk RUS"]
[Date "2008.09.08"]
[Round "6"]
[White "Matlakov,M"]
[Black "Yakovich,Yur"]
[Result "1/2-1/2"]
[WhiteElo "2484"]
[BlackElo "2566"]

1.e4 c5 2.Nf3 d6 3.Bb5+ Nd7 4.O-O Nf6 5.Re1 a6 6.Bf1 b6 7.d4 cxd4 8.Nxd4 Bb7
9.f3 e6 10.c4 Be7 11.Nc3 O-O 12.Be3 Rc8 13.Rc1 Qc7 14.b4 Qb8 15.a3 Rfe8 16.Nb3 d5
17.cxd5 Bd6 18.g3 exd5 19.Nxd5 Nxd5 20.Rxc8 Qxc8 21.exd5 Qa8 22.Bf2 Rxe1
23.Qxe1 Bxd5 24.Nd4 g6 25.Qc3 Ne5 26.Be2 b5 27.Kg2 Bc4  1/2-1/2

[Event "TCh-SRB 1st League"]
[Site "Subotica SRB"]
[Date "2008.09.08"]
[Round "7"]
[White "Svetushkin,D"]
[Black "Efimenko,Z"]
[Result "1/2-1/2"]
[WhiteElo "2587"]
[BlackElo "2670"]

1.e4 c5 2.Nf3 d6 3.Bb5+ Nc6 4.O-O Bd7 5.Re1 Nf6 6.c3 a6 7.Ba4 b5 8.Bc2 e5
9.h3 Be7 10.d4 Qc7 11.d5 Na5 12.b3 O-O 13.Be3 Nb7 14.Nbd2 g6 15.Bh6 Rfc8
16.Nf1 Nh5 17.Qd2 Nd8 18.g4 Ng7 19.Ng3 f6 20.Kh2 Nf7 21.Be3 c4 22.b4 a5 23.a3 Ra6
24.Rg1 Rca8 25.Raf1 axb4 26.axb4 Ra2 27.Qc1 Qb7 28.Bb1 Ra1 29.Ne1 R1a3 30.Ne2 Bd8
31.Rg2 g5 32.h4 Bb6 33.Bxb6 Qxb6 34.Rh1 gxh4 35.f4 exf4 36.Qxf4 Ne5 37.Nc2 Rb3
38.Ncd4 Rxc3 39.Nxc3 Qxd4 40.Ne2 Qb2 41.Rf1 Ra3 42.Kg1 h3 43.Qxf6 Nf3+ 44.Rxf3 Qxf6
45.Rxf6 hxg2 46.Kxg2 Ne8 47.Rf2 Bxg4 48.Nd4 Bd7 49.e5 dxe5 50.Ne6 Bxe6 51.dxe6 Ra7
52.Rf5 Rg7+ 53.Kf2 Nd6 54.Rxe5 Kf8 55.Ke3 Ke7 56.Kd4 h6 57.Rh5 Rg4+ 58.Kc3  1/2-1/2

[Event "TCh-SRB 1st League"]
[Site "Subotica SRB"]
[Date "2008.09.08"]
[Round "7"]
[White "Kosanovic,G"]
[Black "Aleksic,Nen1"]
[Result "1/2-1/2"]
[WhiteElo "2393"]
[BlackElo "2371"]

1.e4 c5 2.Nf3 d6 3.Bb5+ Bd7 4.Bxd7+ Nxd7 5.O-O Ngf6 6.d3 e6 7.Nc3 Be7 8.Ng5 h6
9.Nh3 Ne5 10.f4 Nc6 11.f5 e5 12.Nd5 Nb8 13.c4 Nbd7 14.Bd2 Nxd5 15.exd5 Bg5
16.Bxg5 hxg5 17.Nf2 Nf6  1/2-1/2

[Event "I Liga Seniorow"]
[Site "Ustron POL"]
[Date "2008.09.08"]
[Round "3"]
[White "Markowski,D"]
[Black "Markiewicz,Je"]
[Result "1-0"]
[WhiteElo "2258"]
[BlackElo "2301"]

1.e4 c5 2.Nf3 d6 3.Bb5+ Bd7 4.Bxd7+ Qxd7 5.c3 Nf6 6.Qe2 Nc6 7.O-O e6 8.d4 cxd4
9.cxd4 d5 10.e5 Ne4 11.Be3 Be7 12.Ne1 f6 13.f3 Ng5 14.Nd3 O-O 15.Nd2 f5 16.Nb3 b6
17.Rfc1 Nf7 18.a3 Rfc8 19.Nf4 Bg5 20.Nh5 Bxe3+ 21.Qxe3 Ne7 22.Nf4 Nd8 23.Qd3 Rxc1+
24.Rxc1 Rc8 25.h4 Rxc1+ 26.Nxc1 Kf7 27.Nb3 Qa4 28.Kf2 Ndc6 29.Ke3 Na5 30.Nxa5 Qxa5
31.Kf2 Qa4 32.g4 Qc6 33.Ne2 Qc4 34.Ke3 Qxd3+ 35.Kxd3 fxg4 36.fxg4 h5 37.gxh5 Nf5
38.Nc3 Ke7 39.Nb5 Kd7 40.Nxa7 Nxh4 41.a4 Ng2 42.Nb5 Nf4+ 43.Ke3 Nxh5 44.Kf3 g5
45.b4 Nf4 46.a5 Nd3 47.a6 Kc8 48.Nd6+ Kb8 49.b5 Nb4 50.Kg4 Nc2 51.Kxg5 Nxd4
52.Kf6 Ka7 53.Ke7 Ka8 54.Kd7 Kb8 55.Ke7 Ka8 56.Kf6 Kb8 57.Kf7 Ka8 58.Ke7 Ka7
59.Kd8 Nf3 60.Kc7 Nd4 61.Nc8+ Ka8 62.Nxb6+ Ka7 63.Nc8+ Ka8 64.b6 Nb5+ 65.Kc6 Nd4+
66.Kc5 Nb3+ 67.Kb4 Nd4 68.Ne7  1-0

[Event "XXV Aniversario"]
[Site "Parla ESP"]
[Date "2008.09.10"]
[Round "5"]
[White "Vazquez Gonzalez,J"]
[Black "Ballesteros Gonzalez,D"]
[Result "1/2-1/2"]
[WhiteElo "2080"]
[BlackElo "2285"]

1.e4 c5 2.Nf3 d6 3.Bb5+ Bd7 4.Qe2 e5 5.O-O Nc6 6.c3 a6 7.Ba4 b5 8.Bc2 Be7
9.Rd1 Bg4 10.h3 Bxf3 11.Qxf3 Nf6 12.d3 O-O 13.Bg5 Ne8 14.Be3 Bf6 15.Nd2 Nc7
16.Nf1 b4 17.Ba4 Nb5 18.Ng3 g6 19.Ne2 Bg7 20.Bxb5 axb5 21.d4 exd4 22.cxd4 c4
23.e5 d5 24.Nf4 Ne7 25.Bd2 Nc6 26.Nxd5 b3 27.Nf6+ Bxf6 28.Qxc6 Bh4 29.d5 Rxa2
30.Rab1 Qb8 31.d6 Rc8 32.Qd5 Qa7 33.e6 Qxf2+ 34.Kh1 Qf5 35.Qxf5 gxf5 36.e7 Ra7
37.Bc3 Rd7 38.g3 Bg5 39.Re1 Re8 40.Rbd1 Bh6 41.g4 Bg7 42.Bxg7 Kxg7 43.gxf5 Kf6
44.Rd5 b4 45.Rd4 c3 46.Rxb4 Rxd6 47.bxc3 Rxe7 48.Rxe7 Kxe7 49.Rxb3 Rd3 50.Rb7+ Kf6
51.Kg2 Rxc3 52.Rb5 Re3 53.h4 h5 54.Ra5 Re5  1/2-1/2

[Event "7th Georgiev - Kesarovski Mem"]
[Site "Sunny Beach BUL"]
[Date "2008.09.10"]
[Round "4"]
[White "Vyskocil,N"]
[Black "Papadakis,M"]
[Result "0-1"]
[WhiteElo "2340"]
[BlackElo "2102"]

1.e4 c5 2.Nf3 d6 3.Bb5+ Bd7 4.Bxd7+ Nxd7 5.O-O Ngf6 6.Re1 g6 7.c3 Bg7 8.d4 O-O
9.h3 cxd4 10.cxd4 Nb6 11.Nc3 Rc8 12.Qb3 e6 13.e5 dxe5 14.dxe5 Nfd5 15.Bg5 Qc7
16.Nb5 Qb8 17.Nd6 Rc6 18.Nd4 Rxd6 19.exd6 Bxd4 20.Rad1 Bf6 21.Bxf6 Nxf6 22.Qg3 Nbd5
23.Rc1 Rd8 24.Rc7 Ne8 25.Rec1 Nxd6  0-1

[Event "1st Women It"]
[Site "Tashkent UZB"]
[Date "2008.09.10"]
[Round "6"]
[White "Levushkina,E"]
[Black "Sergeeva,M"]
[Result "0-1"]
[WhiteElo "2251"]
[BlackElo "2325"]

1.e4 c5 2.Nf3 d6 3.Bb5+ Nd7 4.d4 Nf6 5.Nc3 cxd4 6.Qxd4 e5 7.Qd3 h6 8.Bc4 Nc5
9.Qe2 Be6 10.O-O Be7 11.Rd1 Qc8 12.Bb5+ Ncd7 13.Be3 O-O 14.Ba4 a6 15.Bb3 b5
16.Nh4 b4 17.Nd5 Bxd5 18.Nf5 Re8 19.Bxd5 Rb8 20.Qf3 Bf8 21.Qg3 Nxd5 22.Rxd5 Nf6
23.Rdd1 Kh7 24.Qh4 Re6 25.Rac1 Qc6 26.f3 d5 27.Nxh6 d4 28.Nf5+ Kg8 29.Bf2 g6
30.Nh6+ Bxh6 31.Qxh6 Qa4 32.Bh4 Qxa2 33.Bxf6 Rxf6 34.Qg5 Re6 35.f4 exf4 36.Qxf4 Rbe8
37.Rxd4 Qxb2 38.Rcd1 Qxc2 39.Rd7 R6e7 40.h3 Qxe4 41.Qc7 Rxd7 42.Qxd7 b3 43.Rf1 Qe6
44.Qb7 Qc4 45.Rb1 Re3 46.Qb8+ Kh7 47.Qb6 Rc3  0-1

[Event "61st ch-RUS HL"]
[Site "Novokuznetsk RUS"]
[Date "2008.09.11"]
[Round "8"]
[White "Deviatkin,A"]
[Black "Najer,E"]
[Result "0-1"]
[WhiteElo "2567"]
[BlackElo "2670"]

1.e4 c5 2.Nf3 d6 3.Bb5+ Nc6 4.O-O Bd7 5.Re1 Nf6 6.h3 a6 7.Bf1 g6 8.c3 Bg7
9.d4 cxd4 10.cxd4 d5 11.e5 Ne4 12.Qb3 e6 13.Nbd2 f5 14.exf6 Nxf6 15.Qxb7 O-O
16.Qb3 Qc7 17.a3 Nh5 18.Qe3 Rf4 19.Nb3 Raf8 20.Qc3 Rxf3 21.gxf3 Qd8 22.Be3 Nf4
23.Nc5 Qg5+ 24.Kh1 Qh5 25.Nxd7 Nxh3 26.Bg2 Nxd4 27.Qc7 Nxf3 28.Bxf3 Qxf3+
29.Kh2 Nf4 30.Bxf4 Qxf2+ 31.Kh3 Rxf4 32.Qd8+ Kf7  0-1

[Event "IV Geller Memorial"]
[Site "Odessa UKR"]
[Date "2008.09.11"]
[Round "3"]
[White "Shteinberg,B"]
[Black "Loy,K"]
[Result "0-1"]
[WhiteElo "2230"]
[BlackElo "2104"]

1.e4 c5 2.Nf3 d6 3.Bb5+ Nd7 4.O-O a6 5.Bxd7+ Bxd7 6.d4 cxd4 7.Qxd4 e5 8.Qd3 Be7
9.Rd1 h6 10.c4 Nf6 11.b3 O-O 12.Ba3 Bc6 13.Nc3 Qa5 14.Bb2 b5 15.Nd5 Nxd5
16.cxd5 Bd7 17.Bc3 Qd8 18.Qd2 a5 19.Qe2 Qb6 20.Bd2 f5 21.Be3 Qb7 22.exf5 Bxf5
23.Ne1 a4 24.b4 Rac8 25.Rac1 Rxc1 26.Bxc1 Rc8 27.g4 Bg6 28.f4 Bf6 29.fxe5 Bxe5
30.Nf3 Re8 31.Qf2 Bf6 32.Qg3 Qb6+ 33.Kf1 Rf8 34.Bf4 Be5 35.Bxe5 Qe3 36.Kg2 Rxf3  0-1

[Event "II ROMGAZ Open"]
[Site "Bucharest ROU"]
[Date "2008.09.12"]
[Round "2"]
[White "Lupulescu,C"]
[Black "Podgursky,S"]
[Result "1-0"]
[WhiteElo "2589"]
[BlackElo "2260"]

1.e4 c5 2.Nf3 d6 3.Bb5+ Bd7 4.Bxd7+ Qxd7 5.c4 Nc6 6.d4 cxd4 7.Nxd4 Nf6 8.Nc3 e6
9.O-O Be7 10.Be3 O-O 11.Rc1 Rfd8 12.f3 Ne5 13.Qe2 Rac8 14.b3 a6 15.Rfd1 Qc7
16.Kh1 Re8 17.Qd2 Qb8 18.a4 Bd8 19.Nde2 Bc7 20.Bg1 Rcd8 21.Qb2 Nfd7 22.Qa3 Nc6
23.Rc2 Nde5 24.Na2 Ne7 25.Nac3 h6 26.Rcd2 Kh7 27.h3 N7c6 28.f4 Ng6 29.b4 b6
30.b5 Na5 31.Qb4 Qb7 32.bxa6 Qxa6 33.Nb5 Bb8 34.Nxd6 Rxd6 35.Rxd6 Bxd6 36.Rxd6 Nxc4
37.Rc6 Nce5 38.Rc2 Nd3 39.Qb5 Ra8 40.Rc7 Qxb5 41.axb5 Ra2 42.Nc3 Ra1 43.Kh2 Ngxf4
44.Bxb6 Rc1 45.Be3 Rc2 46.Bxf4 Nxf4 47.b6 Rxg2+ 48.Kh1 Rb2 49.Na4 Rb4 50.b7 e5
51.Rxf7 Ne6 52.Re7 Nd4 53.Nc5 Nc6 54.Re8 Rb5 55.Rc8 Rxc5 56.b8=Q Rc1+ 57.Kg2 Nxb8
58.Rxc1 Nd7 59.Kf3 Kg6 60.Rc7 Nf8 61.Kg4 Nh7 62.Re7 Kf6 63.Ra7 Kg6 64.Ra5 h5+
65.Kh4 Nf6 66.Rxe5 Kh6 67.Re6 g5+ 68.Kg3 Kg7 69.e5 Nd5 70.Ra6 Ne7 71.Kf3  1-0

[Event "Open"]
[Site "Herzliya ISR"]
[Date "2008.09.12"]
[Round "9"]
[White "Haitovich,A"]
[Black "Shimonovich,Y"]
[Result "1-0"]
[WhiteElo "1871"]
[BlackElo "2088"]

1.e4 c5 2.Nf3 d6 3.Bb5+ Nc6 4.O-O Bg4 5.c3 a6 6.Bxc6+ bxc6 7.d4 cxd4 8.Qa4 Nf6
9.Nxd4 Bd7 10.Qc2 e5 11.Nf3 Bg4 12.Nbd2 Be7 13.h3 Bh5 14.Nh4 O-O 15.Nf5 Bg6
16.Nxe7+ Qxe7 17.Qa4 c5 18.Re1 Rfb8 19.f3 Rd8 20.Nc4 Qe8 21.Qxe8+ Nxe8 22.b3 f5
23.Bg5 Rdb8 24.Be7 fxe4 25.fxe4 Bxe4 26.Bxd6 Nxd6 27.Nxd6 Bc6 28.Rxe5 Rd8
29.Nc4 Rd3 30.Rxc5  1-0

[Event "IV Geller Memorial"]
[Site "Odessa UKR"]
[Date "2008.09.12"]
[Round "4"]
[White "Dolzhikova,K"]
[Black "Daryev,S"]
[Result "1-0"]
[WhiteElo "2339"]
[BlackElo "2037"]

1.e4 c5 2.Nf3 d6 3.Bb5+ Nc6 4.O-O a6 5.Bxc6+ bxc6 6.e5 d5 7.d4 e6 8.c3 a5
9.Qa4 Bd7 10.dxc5 Bxc5 11.Qg4 Bf8 12.Be3 h5 13.Qh3 Be7 14.Qg3 g6 15.h4 Rb8
16.Nbd2 Nh6 17.Bxh6 Rxh6 18.Nb3 Rh8 19.Qf4 c5 20.Ng5 Bxg5 21.hxg5 Rb5 22.c4 dxc4
23.Nd2 Bc6 24.Nxc4 Rb4 25.Rfd1 Bd5 26.Nd6+ Qxd6 27.Qxb4 axb4 28.exd6 Kd7
29.a3 b3 30.Rac1 Kxd6 31.Rc3 Rb8 32.Kh2 Kc6 33.Kg3 c4 34.Kf4 Rb5 35.Rd2 Rc5
36.g4 hxg4 37.Kxg4 e5 38.f3 Be6+ 39.Kg3 Bf5 40.Kf2 Bd7 41.Rc1 Be6 42.Rdd1 Kc7
43.Rd2 Kc8 44.Rd3 e4 45.fxe4 Rxg5 46.Rxb3 Rc5 47.Rb6 Rh5 48.Ke3 Rh2 49.Kd4 Rd2+
50.Ke5 Rh2 51.a4 Rh5+ 52.Kd4 Rh2 53.a5 Rh5 54.a6 Ra5 55.Rxc4+ Bxc4 56.Kxc4 g5
57.b4 Ra2 58.Kb5 g4 59.Rf6 Kd7 60.Rf4 g3 61.Rg4 g2 62.Kb6 Kd6 63.a7 f5 64.exf5 Ra4
65.Rxg2 Rxb4+ 66.Ka5 Rb1 67.Ra2 Kc5 68.a8=Q  1-0

[Event "XXV Aniversario"]
[Site "Parla ESP"]
[Date "2008.09.12"]
[Round "7"]
[White "Vazquez Gonzalez,J"]
[Black "Penalosa Pinilla,J"]
[Result "0-1"]
[WhiteElo "2080"]
[BlackElo "2224"]

1.e4 c5 2.Nf3 d6 3.Bb5+ Bd7 4.Qe2 Bxb5 5.Qxb5+ Qd7 6.Qxd7+ Nxd7 7.Nc3 a6
8.O-O e6 9.d4 cxd4 10.Nxd4 Ngf6 11.Bg5 Be7 12.Rad1 Rc8 13.f4 b5 14.a3 h6
15.Bh4 g5 16.fxg5 Ng4 17.Rfe1 hxg5 18.Bg3 Nge5 19.Nb1 Nb6 20.b3 Nbd7 21.Re2 Bf6
22.Nf3 Ke7 23.Red2 Nxf3+ 24.gxf3 Be5 25.Kg2 Rc6 26.Bxe5 Nxe5 27.h3 Ng6 28.Kg3 Nf4
29.Rh1 Rh4 30.c3 d5 31.e5 Ng6 32.Re1 a5 33.Rdd1 Nf4 34.Rd4 Rxh3+ 35.Kg4 Rh2
36.Kxg5 Ng6 37.Rg4 Rb2 38.b4 Nxe5 39.Rg3 Rc8 40.Reg1 Nxf3+  0-1

[Event "7th Georgiev - Kesarovski Mem"]
[Site "Sunny Beach BUL"]
[Date "2008.09.12"]
[Round "7"]
[White "Kulovana,E"]
[Black "Stankovic,Milo"]
[Result "1/2-1/2"]
[WhiteElo "2302"]
[BlackElo "2155"]

1.e4 c5 2.Nf3 d6 3.Bb5+ Bd7 4.d4 Nf6 5.Nc3 cxd4 6.Qxd4 e6 7.e5 dxe5 8.Nxe5 a6
9.Bxd7+ Nbxd7 10.Nc4 b5 11.Nd6+ Bxd6 12.Qxd6 Qb6 13.Qg3 O-O 14.Be3 Qd8 15.O-O-O Kh8
16.Qf3 Qb8 17.Bf4  1/2-1/2

[Event "I Liga Seniorow"]
[Site "Ustron POL"]
[Date "2008.09.12"]
[Round "7"]
[White "Korosciel,A"]
[Black "Weglarz,Jo"]
[Result "1/2-1/2"]
[WhiteElo "2067"]
[BlackElo "2026"]

1.e4 c5 2.Nf3 d6 3.Bb5+ Bd7 4.Bxd7+ Qxd7 5.O-O g6 6.c3 Nf6 7.Re1 e5 8.d4 Nc6
9.dxe5 dxe5 10.Qe2 Bg7 11.Na3 O-O 12.Nc4 Qc7 13.Bg5 b5 14.Bxf6 Bxf6 15.Ne3 Qb7
16.Red1 Rfd8 17.Rxd8+ Rxd8 18.Nd5 Bg7 19.Qe3 Ne7 20.Qg5 Re8 21.Nf6+ Bxf6
22.Qxf6 Nc6 23.Rd1 Re6 24.Qh4 f6 25.Qg4 Qe7 26.Rd5 Rd6 27.Qc8+ Kg7 28.Qa6 f5
29.Qxb5 fxe4 30.Rxd6 Qxd6 31.Ne1 Qd5 32.a4 Ne7  1/2-1/2

[Event "XXV Aniversario"]
[Site "Parla ESP"]
[Date "2008.09.13"]
[Round "8"]
[White "Gonzalo Gonzalez,F"]
[Black "Madurga Lopez,I"]
[Result "1-0"]
[WhiteElo "1858"]
[BlackElo "1666"]

1.e4 c5 2.Nf3 d6 3.Bb5+ Nd7 4.d3 a6 5.Bc4 e6 6.Nc3 b5 7.Bb3 Be7 8.a3 Ngf6
9.Bf4 O-O 10.h3 h6 11.Qd2 Re8 12.g4 Nh7 13.h4 g5 14.hxg5 Nxg5 15.Nxg5 Bxg5
16.O-O-O Kg7 17.Rh5 Nf6 18.Bxg5  1-0

[Event "DMP Ekstraliga"]
[Site "Karpacz POL"]
[Date "2008.09.14"]
[Round "9"]
[White "Jasik,K"]
[Black "Sendera,J"]
[Result "1/2-1/2"]
[WhiteElo "2359"]
[BlackElo "2340"]

1.e4 c5 2.Nf3 d6 3.Bb5+ Bd7 4.Bxd7+ Qxd7 5.c4 Nc6 6.Nc3 Nf6 7.O-O e6 8.d4 cxd4
9.Nxd4 Be7 10.Nde2 O-O 11.Qd2 Rfd8 12.Rd1  1/2-1/2

[Event "4th ch-EU"]
[Site "Liverpool ENG"]
[Date "2008.09.14"]
[Round "6"]
[White "Meier,Geo"]
[Black "Vachier Lagrave,M"]
[Result "1/2-1/2"]
[WhiteElo "2556"]
[BlackElo "2681"]

1.e4 c5 2.Nf3 d6 3.Bb5+ Nc6 4.O-O Bd7 5.Re1 Nf6 6.c3 a6 7.Ba4 c4 8.Na3 b5
9.Bc2 e5 10.b3 Na5 11.d4 cxd3 12.Bxd3 Be7 13.c4 bxc4 14.Nxc4 O-O 15.Ba3  1/2-1/2

[Event "61st ch-RUS HL"]
[Site "Novokuznetsk RUS"]
[Date "2008.09.14"]
[Round "11"]
[White "Malakhov,V"]
[Black "Shaposhnikov,E"]
[Result "1/2-1/2"]
[WhiteElo "2689"]
[BlackElo "2558"]

1.e4 c5 2.Nf3 d6 3.Bb5+ Nc6 4.O-O Bd7 5.Re1 Nf6 6.c3 a6 7.Ba4 b5 8.Bc2 Bg4
9.a4 Rb8 10.axb5 axb5 11.d4 cxd4 12.cxd4 e5 13.d5 Nd4 14.Nbd2 Nxc2 15.Qxc2 Be7
16.h3 Bd7 17.Nb3 O-O 18.Na5 Rc8 19.Qe2 Qb6 20.Be3 Qb8 21.Bd2 Bd8 22.Rec1 Bxa5
23.Bxa5 Rxc1+ 24.Rxc1 Rc8 25.Rxc8+ Qxc8 26.Bb4 Qc1+ 27.Ne1 Ne8 28.Qc2 Qxc2
29.Nxc2 f5 30.f3 Kf7 31.Kf2 fxe4 32.fxe4 Ke7 33.Kf3 Nf6 34.Ne3 Ne8 35.g4 Nc7
36.Ba5 Na6 37.b4 g6 38.Nf1 Bc8 39.Ng3 Bd7 40.h4 h6 41.Nh1 h5 42.g5 Bg4+ 43.Ke3 Bd7
44.Nf2 Bc8 45.Kd3 Bd7 46.Kc3 Bc8 47.Bb6 Bd7 48.Be3 Bc8 49.Bd2 Bd7 50.Kd3 Bc8
51.Bc3 Bd7 52.Kc2 Bc8 53.Kb3 Nb8 54.Nd3 Nd7 55.Kc2 Ke8 56.Kb3 Ke7 57.Kc2 Ke8
58.Kb3  1/2-1/2

[Event "1st Women It"]
[Site "Tashkent UZB"]
[Date "2008.09.14"]
[Round "10"]
[White "Levushkina,E"]
[Black "Dauletova,G"]
[Result "1-0"]
[WhiteElo "2251"]
[BlackElo "2267"]

1.e4 c5 2.Nf3 d6 3.Bb5+ Nc6 4.O-O Bd7 5.Re1 Nf6 6.c3 a6 7.Ba4 b5 8.Bc2 e5
9.h3 Be7 10.d4 Qc7 11.d5 Nd8 12.Nbd2 O-O 13.Nf1 Ne8 14.Ng3 g6 15.Nh2 Ng7
16.Rf1 f6 17.f4 exf4 18.Bxf4 Nf7 19.Ng4 Rae8 20.Nh6+ Nxh6 21.Bxh6 Rf7 22.a4 Qc8
23.axb5 axb5 24.Qd2 Qb7 25.h4 Bf8 26.Bd1 Qc8 27.h5 Bg4 28.hxg6 hxg6 29.Qf4 Bxd1
30.Raxd1 Re5 31.Bxg7 Bxg7 32.Ra1 Qf8 33.Ra5 Bh6 34.Qf3 Qb8 35.Rfa1 Kg7 36.Ra8 Qb7
37.R8a6 Qb8 38.Ra8 Qb7 39.Rd8 Rd7 40.Rda8 Bg5 41.Qg4 c4 42.Kh2 Ree7 43.Qh3 Bh6
44.Qg4 Bg5 45.Qh3 Bh6 46.R1a5 Qb6 47.R5a6 Qe3 48.Rxd6 f5 49.Rxg6+ Kxg6 50.Qxf5+  1-0

[Event "II ROMGAZ Open"]
[Site "Bucharest ROU"]
[Date "2008.09.15"]
[Round "5"]
[White "Bulmaga,I"]
[Black "Breahna,R"]
[Result "1/2-1/2"]
[WhiteElo "2157"]
[BlackElo "2307"]

1.e4 c5 2.Nf3 d6 3.Bb5+ Bd7 4.Bxd7+ Qxd7 5.c4 g6 6.d4 cxd4 7.Nxd4 Bg7 8.Nc3 Nc6
9.Be3 Nh6 10.f3 f5 11.Qd2 Nf7 12.Nd5 O-O 13.exf5 gxf5 14.O-O e6 15.Nc3 Nce5
16.b3 Kh8 17.Rad1 a6 18.a4 Rae8 19.Nde2 Qc6 20.Nd4 Qc7 21.Rfe1 Rg8 22.Rf1 Rgf8
23.Nde2 Qc6 24.Nd4 Qc7 25.Nde2 Rg8 26.Nf4 Bf6 27.Nh5 Rgf8  1/2-1/2

[Event "EYb14"]
[Site "Herceg Novi MNE"]
[Date "2008.09.15"]
[Round "1"]
[White "Lukovic,V"]
[Black "Lagarde,Max"]
[Result "1/2-1/2"]
[WhiteElo "1999"]
[BlackElo "2322"]

1.e4 c5 2.Nf3 d6 3.Bb5+ Bd7 4.Bxd7+ Qxd7 5.O-O Nf6 6.Re1 Nc6 7.c3 e6 8.d4 cxd4
9.cxd4 d5 10.e5 Ng8 11.a3 Nge7 12.b4 Nc8 13.Nbd2 Nb6 14.Qe2 a6 15.Nb3 Nc4
16.Be3 b5 17.Nc5 Bxc5 18.bxc5 h6 19.Reb1 Ke7 20.Nd2 Nxd2 21.Qxd2 Rhb8 22.Qc3 Qd8
23.Bd2 Kf8 24.Qd3 Qh4 25.Bc3 Kg8 26.Ra2 Rb7 27.Rab2 Rab8 28.h3 Qh5 29.Kh2 Qg6
30.Qe2 Qf5 31.g3 Kh7 32.f4 a5 33.Qe3 h5 34.Bd2 b4 35.a4 b3 36.Rg1 Qe4 37.Qxe4+ dxe4
38.Bc3 Ne7 39.Re1 Nd5 40.Bxa5 Ra7 41.Bd2 Rxa4 42.Rxe4 Rc4 43.Kg1 Rc2 44.Rxc2 bxc2
45.Re1 Rb1 46.Rc1 Nb4 47.Kg2 Kg8 48.c6 Nxc6 49.Rxc2  1/2-1/2

[Event "EYb12"]
[Site "Herceg Novi MNE"]
[Date "2008.09.15"]
[Round "1"]
[White "Lekic,L"]
[Black "Codenotti,M"]
[Result "1-0"]
[WhiteElo "1613"]
[BlackElo "2055"]

1.e4 c5 2.Nf3 d6 3.Bb5+ Bd7 4.Bxd7+ Qxd7 5.c4 Nc6 6.Nc3 Nf6 7.O-O g6 8.Re1 Bg7
9.d4 cxd4 10.Nxd4 O-O 11.Be3 Ng4 12.Nxc6 bxc6 13.Bd4 Bxd4 14.Qxd4 Ne5 15.Rad1 c5
16.Qxe5 Qb7 17.Qg3 Qxb2 18.Rb1 Qa3 19.Nd5 Qxa2 20.Nxe7+ Kg7 21.Qc3+  1-0

[Event "EYg16"]
[Site "Herceg Novi MNE"]
[Date "2008.09.15"]
[Round "1"]
[White "Thorsteinsdottir,H"]
[Black "Paikidze,N"]
[Result "1/2-1/2"]
[WhiteElo "1907"]
[BlackElo "2277"]

1.e4 c5 2.Nf3 d6 3.Bb5+ Bd7 4.Bxd7+ Nxd7 5.O-O Ngf6 6.Re1 e6 7.c4 Be7 8.d4 cxd4
9.Nxd4 a6 10.b3 O-O 11.Nc3 Rc8 12.Bb2 Qc7 13.Kh1 Rfe8 14.Qd2 Qb8 15.Rad1 Bd8
16.f4 Bc7 17.g3 Qa7 18.Kg2 Rcd8 19.Re2 Nf8 20.f5 Ba5 21.Qd3 N8d7 22.fxe6 fxe6
23.a3 Ne5 24.Qc2 Bc7 25.Na4 Qb8 26.Nf3 Nxf3 27.Kxf3 b5 28.cxb5 axb5 29.Nc3 Rf8
30.Kg2 Qb7 31.Qd3 Rb8 32.Na2 Nd7 33.Nb4 Rf7 34.Rf1 Rbf8 35.Rxf7 Rxf7 36.Kh3 Nc5
37.Qe3 Bb6 38.Qd4 Qd7 39.Kg2 Qd8 40.Qc3 Qa8 41.Nc6 Qf8 42.Qd4 Rf1  1/2-1/2

[Event "EYg16"]
[Site "Herceg Novi MNE"]
[Date "2008.09.15"]
[Round "1"]
[White "Stojkovska,M"]
[Black "Hitter,G"]
[Result "1/2-1/2"]
[WhiteElo "1869"]
[BlackElo "2075"]

1.e4 c5 2.Nf3 d6 3.Bb5+ Nd7 4.d4 cxd4 5.Qxd4 a6 6.Bxd7+ Bxd7 7.Nc3 Bc6 8.O-O h6
9.Be3 e6 10.Nd2 Nf6 11.f3 Be7 12.a4 O-O 13.a5 Nd7 14.Nc4 Qc7 15.Rfd1 Rad8
16.Qd2 Bxe4 17.Nxe4 Qxc4 18.Nxd6 Qc6 19.Ne4 Nf6 20.Qc3 Qxc3 21.Nxc3 Bb4 22.Bb6 Rxd1+
23.Nxd1 Nd5 24.Bd4 Rd8 25.c3 Be7 26.Nf2 Nf4 27.Kf1 Rd5 28.Be3 Ng6 29.Ke2 Ne5
30.b4 Nc4 31.Rd1 Rxd1 32.Nxd1 Bf6 33.Kd3 Ne5+ 34.Kc2 Ng6 35.Bf2 Nf4 36.Ne3 Kf8
37.Bg3 Ne2 38.Be1 Ke7 39.Kd3 Nf4+ 40.Ke4 Bg5 41.g4 g6 42.Nc4 f5+ 43.Ke3 Ng2+
44.Ke2 Nf4+ 45.Ke3 Nh3+ 46.Kd3 Bf4 47.gxf5 exf5 48.Bg3 Bxg3 49.hxg3 Ng5 50.Ne5 Ke6
51.Kd4 Kd6 52.Nc4+ Kc6 53.Ne5+ Kd6 54.Nc4+ Kc6 55.Ne5+ Kd6 56.Nc4+ Kc6  1/2-1/2

[Event "4th Pichay Cup"]
[Site "Manila PHI"]
[Date "2008.09.15"]
[Round "2"]
[White "Dzhumaev,M"]
[Black "Salubre,J"]
[Result "1-0"]
[WhiteElo "2549"]
[BlackElo "2322"]

1.e4 c5 2.Nf3 d6 3.Bb5+ Bd7 4.Bxd7+ Nxd7 5.O-O Ngf6 6.Re1 e6 7.d4 cxd4 8.Nxd4 a6
9.c4 Qc7 10.b3 Be7 11.Bb2 O-O 12.Nc3 Rfd8 13.Qf3 Ne5 14.Qh3 Qb6 15.Rad1 Rac8
16.Re2 Ng6 17.Qe3 Qa5 18.h3 Qh5 19.Bc1 Qc5 20.Na4 Qc7 21.Bb2 Re8 22.g3 h5
23.Rc2 h4 24.g4 Nh7 25.f4 e5 26.fxe5 dxe5 27.Nf5 Bf8 28.Kh2 Nf4 29.Rcd2 Ng5
30.Rd7 Qc6 31.Nb6 Nxe4 32.Nxc8 Nf6 33.R7d2 Qxc8 34.Nxh4 Bc5 35.Qf3 Qc7 36.Ng2 Ne6
37.Re2 Ng5 38.Qf5 e4+ 39.Qf4 Nf3+ 40.Kh1 Qc6 41.Bxf6 gxf6 42.Rd5 Ng5 43.h4 Ne6
44.Qxf6 Bf8 45.Rxe4 Bg7 46.Qf2 b5 47.Nf4 bxc4 48.bxc4 Rb8 49.Nd3 Nc7 50.Qc5 Qf6
51.Rf5 Qxh4+ 52.Kg2 Rb1 53.Nf2 Ne6 54.Rxe6  1-0

[Event "EYb18"]
[Site "Herceg Novi MNE"]
[Date "2008.09.16"]
[Round "2"]
[White "Froewis,G"]
[Black "Roos,Ad"]
[Result "1-0"]
[WhiteElo "2269"]
[BlackElo "2076"]

1.e4 c5 2.Nf3 d6 3.Bb5+ Bd7 4.Bxd7+ Qxd7 5.c4 Nf6 6.Nc3 g6 7.d4 cxd4 8.Nxd4 Bg7
9.h3 O-O 10.Be3 Rc8 11.b3 Nc6 12.O-O Qd8 13.Re1 Qa5 14.Nd5 Qd8 15.Qd3 Ne5
16.Nxf6+ Bxf6 17.Qd2 Nc6 18.Rad1 Nxd4 19.Bxd4 Bxd4 20.Qxd4 Qc7 21.Re3 a6
22.a4 b6 23.h4 Qc5 24.e5 Qxd4 25.Rxd4 dxe5 26.Rd7 e6 27.Rf3 Rf8 28.Rb7 Kg7
29.Rxb6 Rfb8 30.a5 Rd8 31.Rb7 Rd1+ 32.Kh2 Rf8 33.Rc3 Rd6 34.Rb6 Rd4 35.Rxa6 Rxh4+
36.Rh3 Rf4 37.Rf3 Rh4+ 38.Rh3 Rf4 39.Rb6 Rxf2 40.a6 Ra2 41.Rd6 Ra8 42.b4 R2xa6
43.Rxa6 Rxa6 44.c5 Rc6 45.Rc3 Kf6 46.b5 Rc8 47.c6  1-0

[Event "4th ch-EU"]
[Site "Liverpool ENG"]
[Date "2008.09.16"]
[Round "8"]
[White "Briscoe,C"]
[Black "James,Dav"]
[Result "1/2-1/2"]
[WhiteElo "2232"]
[BlackElo "2177"]

1.e4 c5 2.Nf3 d6 3.Bb5+ Nd7 4.O-O Nf6 5.d4 cxd4 6.Qxd4 a6 7.Bxd7+ Bxd7 8.Bg5 e6
9.Nbd2 Bc6 10.Rfd1 Be7 11.e5  1/2-1/2

[Event "4th Pichay Cup"]
[Site "Manila PHI"]
[Date "2008.09.16"]
[Round "4"]
[White "Zhang Zhong"]
[Black "Paragua,M"]
[Result "1/2-1/2"]
[WhiteElo "2632"]
[BlackElo "2523"]

1.e4 c5 2.Nf3 d6 3.Bb5+ Nc6 4.Bxc6+ bxc6 5.O-O e5 6.c3 Nf6 7.Re1 Bg4 8.h3 Bh5
9.d4 Bxf3 10.Qxf3 cxd4 11.cxd4 Be7 12.dxe5 dxe5 13.Qg3 O-O 14.Bh6 Ne8 15.Be3 Nd6
16.Nd2 Qa5 17.Qg4 Rab8 18.Nb3 Qc7 19.Rac1 Kh8 20.Rc2 Rb4 21.Rec1 f5 22.Qe2 Nxe4
23.Rxc6 Qb8 24.Qa6 Rb7 25.Na5 Rd7 26.Rc8 Qd6 27.Rxf8+ Bxf8 28.Rc8 Kg8 29.Qc4+ Qd5
30.Ra8 f4 31.Bxa7 Kf7 32.Bb6 Be7 33.Ra7 Qxc4 34.Nxc4 Rd1+ 35.Kh2 Ke6 36.Ra5 Bf6
37.h4 Nd2 38.Nxd2 Rxd2 39.Rb5 e4 40.Kh3 h5 41.g3 fxg3 42.Kxg3 Be5+ 43.Kg2 Rxb2
44.Rxb2 Bxb2  1/2-1/2

[Event "II ROMGAZ Open"]
[Site "Bucharest ROU"]
[Date "2008.09.17"]
[Round "7"]
[White "Kasparov,S"]
[Black "Bach,A"]
[Result "1-0"]
[WhiteElo "2486"]
[BlackElo "2226"]

1.e4 c5 2.Nf3 d6 3.Bb5+ Bd7 4.Bxd7+ Qxd7 5.c4 Nf6 6.Nc3 Nc6 7.d4 cxd4 8.Nxd4 g6
9.f3 Bg7 10.Nde2 h5 11.Be3 h4 12.h3 Nh5 13.Qd2 Ne5 14.b3 f5 15.Rd1 Nf7 16.O-O Bh6
17.f4 fxe4 18.Nxe4 O-O 19.Qd5 Qc8 20.Bf2 e6 21.Qd3 d5 22.N4c3 Nh8 23.cxd5 Nxf4
24.Nxf4 Rxf4 25.dxe6 Qxe6 26.Nd5 Rf7 27.Rfe1 Qa6 28.Qxa6 bxa6 29.Bxh4 g5
30.Bg3 Ng6 31.Re6 Kg7 32.Nc7 Raf8 33.Rdd6 Nf4  1-0

[Event "EYg16"]
[Site "Herceg Novi MNE"]
[Date "2008.09.17"]
[Round "3"]
[White "Penne,B"]
[Black "Hitter,G"]
[Result "0-1"]
[WhiteElo "1881"]
[BlackElo "2075"]

1.e4 c5 2.Nf3 d6 3.Bb5+ Bd7 4.Bxd7+ Qxd7 5.O-O Nc6 6.c3 Nf6 7.Re1 e6 8.d4 cxd4
9.cxd4 d5 10.e5 Ne4 11.Nbd2 Nxd2 12.Bxd2 Rc8 13.Rc1 Be7 14.a3 O-O 15.Rc3 b5
16.Rd3 b4 17.h4 Qd8 18.h5 Qb6 19.Nh2 Kh8 20.Qg4 Rg8 21.Nf3 Qb5 22.Rde3 h6
23.Qf4 Rcf8 24.Rc1 Qb6 25.Qg4 Na5 26.Bxb4 Bxb4 27.axb4 Nc4 28.Rb3 Qa6 29.Rbc3 Nxb2
30.Rc7 Nd3 31.Rd1 Nxb4 32.Qf4 f5 33.Nh4 Rc8 34.Ng6+ Kh7 35.Rf7 Qe2 36.Rf1 Qxh5
37.Rb7 Qxg6 38.Rxb4 Qf7 39.Ra1 Rc7 40.Ra6 Rgc8 41.Qf3 Rc1+ 42.Kh2 R8c3  0-1